000 00487nam a2200181Ia 4500
005 20250508162745.0
008 008 250505s9999 xx 000 0 eng d
037 _aTextual
040 _aFEDL
_beng
_cFEDL
041 _aeng
_2eng
084 _a371.39, TAR
_qFEDL
100 _aChand Tara
245 0 _aEducational technology
260 _aNew Delhi, India
_bAnmol Publications
_c1990
300 _a416p.
942 _cTEXL
_h371.39, TAR
999 _c1378523
_d1378523